| 000 | 00558nam a2200169Ia 4500 | ||
|---|---|---|---|
| 999 |
_c15603 _d15603 |
||
| 082 | _aRR.0156 | ||
| 100 | _aRadhakrishnan, R. | ||
| 245 | 0 |
_aIndustrial capital and technology in Hyderabad state 1875- 1950 : _bAn empirical investigation |
|
| 260 |
_c1988 _bICSSR, New Delhi |
||
| 300 | _a170p. | ||
| 650 | _aTECHNOLOGY - HYDERABAD STATE - 1875-1950 | ||
| 650 | _aSALAR JUNG - (1829-1883) | ||
| 650 | _aINDUSTRIALIZATION - HYDERABAD STATE - 1875-1948 | ||
| 650 | _aHYDERABAD STATE - INDUSTRIES - 1875-1948 | ||
| 700 | _aSubbarao, C.V. | ||
| 942 |
_cRP _2ddc |
||